000
00316nam a2200121Ia 4500
008
150731s2011 xx 000 0 und d
082
_a
615.538
_b
D 11 H
100
_a
HEGDE,PRAKASH L.
245
2
_a
A TEXTBOOK OF DRAVYAYANA VIJANA
260
_b
CHAUKHAMBHA PUB. NEW DELHI
_c
2011
300
_a
631
942
_2
ddc
_c
BK
_0
20
999
_c
7769
_d
7769